Report of the apeejay task force on designing education for the twenty - first century (Record no. 1383687)

MARC details
000 -LEADER
fixed length control field 00545nam a2200181Ia 4500
005 - DATE AND TIME OF LATEST TRANSACTION
control field 20250508163508.0
008 - FIXED-LENGTH DATA ELEMENTS--GENERAL INFORMATION
fixed length control field 008 250505s9999 xx 000 0 eng d
037 ## - SOURCE OF ACQUISITION
Stock number Textual
040 ## - CATALOGING SOURCE
Original cataloging agency FEDL
Language of cataloging eng
Transcribing agency FEDL
041 ## - LANGUAGE CODE
Language code of text/sound track or separate title eng
Source of code eng
084 ## - COLON CLASSIFICATION NUMBER
Classification number 370, APE
Assigning agency FEDL
245 #0 - TITLE STATEMENT
Title Report of the apeejay task force on designing education for the twenty - first century
260 ## - PUBLICATION, DISTRIBUTION, ETC.
Place of publication, distribution, etc. New Delhi, India
Name of publisher, distributor, etc. Apeejai Education Society
Date of publication, distribution, etc. 1994
300 ## - PHYSICAL DESCRIPTION
Extent 72p
650 ## - SUBJECT ADDED ENTRY--TOPICAL TERM
Topical term or geographic name entry element Education
942 ## - ADDED ENTRY ELEMENTS (KOHA)
Koha item type Textual
Classification part 370, APE
Holdings
Withdrawn status Lost status Damaged status Not for loan Home library Current library Date acquired Total Checkouts Full call number Barcode Date last seen Price effective from Koha item type
        Department of Education Library Department of Education Library 2025-05-08   370, APE EL0077092 2025-05-08 2025-05-08 Textual
Copyright @ Delhi University Library System